Catechismus ex decreto Concilii Tridentini ad parochos, Pii V. Pont. Max. primum, nunc sanctiss. D.N. Clementis XIII iussu editus

Detalles Bibliográficos
Formato: Libro
Lenguaje:Latin
Publicado: Romae 1761
Materias:
Colección:Banco de datos
Acervo:Biblioteca Armando Olivares Carrillo de la Universidad de Guanajuato. Fondo Conventos
Descripción Física:[6] h., 503 p., [11] h. 4°
Tema general:Pastoral
Notas:Marca de fuego: Convento de san Pedro de Alcántara de Guanajuato, Gto.
LEADER 00697nam a22001690004500
035 |a 4925 
041 0 |a lat 
050 4 |a BV4020  |b C3 
245 1 0 |a Catechismus ex decreto Concilii Tridentini ad parochos, Pii V. Pont. Max. primum, nunc sanctiss. D.N. Clementis XIII iussu editus 
260 |a Romae  |b ex officina Joan. Bapt. Bernabò, et Josephi Lazarini ; typis Camerae Apostolicae  |c 1761 
300 |a [6] h., 503 p., [11] h.  |c 4° 
500 |a Marca de fuego: Convento de san Pedro de Alcántara de Guanajuato, Gto.  
650 1 0 |a Pastoral 
949 |a CO. 9029 
942 |c GUANAJUATO 
943 |g Biblioteca Armando Olivares Carrillo de la Universidad de Guanajuato. Fondo Conventos 
999 |c 1148882  |d 1148882